| 000 | 01000nam a2200253 4500 | ||
|---|---|---|---|
| 001 | 13286 | ||
| 003 | BD-JhCC | ||
| 005 | 20230808114347.0 | ||
| 008 | 170924s2019 bg |||| ||a| 000 0 ben d | ||
| 035 | _a(BD-JhCC)13286 | ||
| 040 |
_aBD-JhCC _cBD-JhCC _dBD-JhCC |
||
| 041 | _abengali | ||
| 082 |
_a297.63 _bNOD 2019 |
||
| 100 | _aনদভী, সাইয়্যেদ সুলায়মান | ||
| 245 |
_aছোটদের বিশ্বনবী (স) / _cসাইয়্যেদ সুলায়মান নদভী, আবুল কালাম আযাদ, সম্পা: শাইখ মনিরুল ইসলাম। |
||
| 260 |
_aঢাকা : _bতাক্বিয়া বুক ডিপো ; _c2015. |
||
| 300 |
_a128 p. : _c22 cm. |
||
| 650 | _aMuhammad, Prophet | ||
| 650 | _aMuslim | ||
| 700 | _aআযাদ, আবুল কালাম | ||
| 700 | _aইসলাম, শাইখ মনিরুল | ||
| 942 |
_2ddc _cBK _04 |
||
| 999 |
_c13286 _d13286 |
||